Top 500 NBA Players of All-Time (2021) - Statistics

General Stats
  • This quiz has been taken 2,715 times
  • The average score is 173 of 500
Answer Stats
# Player NBA Career % Correct
2 Michael Jordan 1984-2003
98%
4 LeBron James 2003-Present
97%
1 Kareem Abdul-Jabbar 1969-1989
96%
294 DeAndre Jordan 2008-Present
93%
3 Wilt Chamberlain 1959-1973
92%
10 Kobe Bryant 1996-2016
90%
11 Magic Johnson 1979-1996
90%
7 Shaquille O'Neal 1992-2011
89%
35 Stephen Curry 2009-Present
89%
5 Bill Russell 1956-1969
88%
25 Jerry West 1960-1974
88%
6 Larry Bird 1979-1992
88%
260 David West 2003-2018
87%
23 Kevin Durant 2007-Present
87%
364 Campy Russell 1974-1984
86%
378 Cazzie Russell 1966-1978
86%
16 Russell Westbrook 2008-Present
84%
15 James Harden 2009-Present
83%
237 Dennis Johnson 1976-1990
81%
402 Eddie Johnson 1977-1987
81%
100 Gus Johnson 1963-1973
81%
229 Joe Johnson 2001-Present
81%
341 John Johnson 1970-1982
81%
96 Kevin Johnson 1987-2000
81%
285 Larry Johnson 1991-2001
81%
126 Marques Johnson 1977-1989
81%
332 Mickey Johnson 1974-1986
81%
31 Tim Duncan 1997-2016
80%
140 Kyrie Irving 2011-Present
79%
41 Chris Paul 2005-Present
78%
13 Hakeem Olajuwon 1984-2002
78%
14 Karl Malone 1985-2004
78%
18 Moses Malone 1974-1995
78%
372 Jeff Malone 1983-1996
77%
34 Julius Erving 1971-1987
77%
63 Dirk Nowitzki 1998-2019
76%
326 Klay Thompson 2011-Present
76%
61 Giannis Antetokounmpo 2013-Present
75%
302 Mychal Thompson 1978-1991
74%
8 Oscar Robertson 1960-1974
74%
83 Scottie Pippen 1987-2004
74%
204 Alvin Robertson 1984-1996
73%
17 David Robinson 1989-2003
73%
117 David Thompson 1975-1984
73%
251 Draymond Green 2012-Present
73%
39 Dwyane Wade 2003-2019
73%
498 George Thompson 1969-1978
73%
19 Kevin Garnett 1995-2016
73%
205 Nikola Jokić 2015-Present
73%
450 A.C. Green 1985-2001
72%
273 Clifford Robinson 1989-2007
72%
420 Flynn Robinson 1966-1974
72%
202 Glenn Robinson 1994-2005
72%
228 Johnny Green 1959-1973
72%
453 Luka Dončić 2018-Present
72%
397 Rickey Green 1977-1992
72%
203 Truck Robinson 1974-1985
72%
70 Anthony Davis 2012-Present
71%
55 Carmelo Anthony 2003-Present
71%
24 Allen Iverson 1996-2010
70%
470 Antonio Davis 1993-2006
70%
443 Austin Carr 1971-1981
70%
128 Baron Davis 1999-2012
70%
472 Dale Davis 1991-2007
70%
218 Dennis Rodman 1986-2000
70%
387 Lucius Allen 1969-1979
70%
150 Ray Allen 1996-2014
70%
433 Ricky Davis 1998-2010
70%
94 Steve Nash 1996-2015
70%
214 Walter Davis 1977-1992
70%
26 Bob Cousy 1950-1970
69%
71 John Stockton 1984-2003
69%
145 Kawhi Leonard 2011-Present
69%
27 Charles Barkley 1984-2000
68%
360 Isaiah Thomas 2011-Present
68%
45 Isiah Thomas 1981-1994
68%
216 Tony Parker 2001-2019
68%
75 Paul Pierce 1998-2017
67%
338 Adrian Smith 1961-1972
66%
9 Bob Pettit 1954-1965
66%
65 Dwight Howard 2004-Present
66%
67 Jason Kidd 1994-2013
66%
277 Jermaine O'Neal 1996-2014
66%
103 John Wall 2010-Present
66%
192 Josh Smith 2004-2017
66%
445 Ricky Pierce 1982-1997
66%
390 Steve Smith 1991-2005
66%
105 Vince Carter 1998-2020
66%
95 Chris Bosh 2003-2017
65%
64 Damian Lillard 2012-Present
65%
293 Derrick Rose 2008-Present
65%
250 Juwan Howard 1994-2013
65%
358 Manu Ginóbili 2002-2018
65%
224 Marc Gasol 2008-2021
65%
120 Pau Gasol 2001-2019
65%
121 Paul George 2010-Present
65%
384 Phil Smith 1974-1983
65%
182 Randy Smith 1971-1983
65%
242 Buck Williams 1981-1998
64%
87 Deron Williams 2005-2017
64%
406 Fred Carter 1969-1977
64%
157 Gus Williams 1975-1987
64%
241 Jack George 1953-1961
64%
428 Lou Williams 2005-Present
64%
383 Mo Williams 2003-2017
64%
314 Ray Williams 1977-1987
64%
29 Tracy McGrady 1997-2013
63%
21 Elgin Baylor 1958-1971
62%
432 Joel Embiid 2014-Present
62%
38 Patrick Ewing 1985-2002
62%
328 Fred Brown 1971-1984
61%
50 John Havlicek 1962-1978
61%
108 Reggie Miller 1987-2005
61%
253 Roger Brown 1967-1975
61%
267 Andre Miller 1999-2016
60%
92 Blake Griffin 2009-Present
60%
246 Bob Love 1966-1977
60%
373 Brad Miller 1998-2012
60%
177 Kevin Love 2008-Present
60%
12 George Mikan 1947-1956
59%
133 Kevin McHale 1980-1993
59%
119 Sam Jones 1957-1969
59%
244 Bobby Jones 1974-1986
58%
357 Caldwell Jones 1973-1990
58%
343 Eddie Jones 1994-2008
58%
49 Gary Payton 1990-2007
58%
282 Jimmy Jones 1967-1977
58%
312 K.C. Jones 1958-1967
58%
346 Larry Jones 1964-1974
58%
476 Rich Jones 1970-1977
58%
178 Ben Wallace 1996-2012
57%
53 Clyde Drexler 1983-1998
57%
278 Gerald Wallace 2001-2015
57%
315 Rasheed Wallace 1995-2013
57%
331 Yao Ming 2002-2011
57%
155 Jo Jo White 1969-1981
56%
154 DeMar DeRozan 2009-Present
55%
349 Penny Hardaway 1993-2007
55%
93 Tim Hardaway 1989-2003
55%
51 Dominique Wilkins 1982-1999
54%
72 Lenny Wilkens 1960-1975
54%
415 Lucious Jackson 1964-1972
54%
299 Mark Jackson 1987-2004
54%
142 Robert Parish 1976-1997
54%
475 Trae Young 2018-Present
54%
335 Caron Butler 2002-2016
53%
235 James Worthy 1982-1994
53%
261 Jimmy Butler 2011-Present
53%
185 Bradley Beal 2012-Present
52%
188 Rajon Rondo 2006-Present
52%
351 Bill Walton 1974-1988
51%
377 Devin Booker 2015-Present
51%
40 George Gervin 1973-1986
51%
176 Kyle Lowry 2006-Present
51%
148 Dikembe Mutombo 1991-2009
50%
30 Elvin Hayes 1968-1984
50%
485 Karl-Anthony Towns 2015-Present
49%
141 Shawn Kemp 1989-2003
49%
134 Wes Unseld 1968-1981
49%
197 Amar'e Stoudemire 2002-2016
48%
33 Bob McAdoo 1972-1986
48%
304 Damon Stoudamire 1995-2008
48%
52 Grant Hill 1994-2013
48%
448 Neal Walk 1969-1976
48%
43 Rick Barry 1965-1980
48%
78 Walt Frazier 1967-1979
48%
82 Willis Reed 1964-1974
48%
89 Alonzo Mourning 1992-2008
47%
28 Chris Webber 1993-2008
47%
268 Joe Dumars 1985-1999
47%
189 Kemba Walker 2011-Present
47%
62 Pete Maravich 1970-1980
47%
112 Red Kerr 1954-1966
47%
477 Tyrone Hill 1990-2003
47%
37 Alex English 1976-1991
46%
118 Antoine Walker 1996-2008
46%
266 Chauncey Billups 1997-2014
46%
172 Chet Walker 1962-1975
46%
500 Donovan Mitchell 2017-Present
46%
336 Jimmy Walker 1967-1976
46%
265 Mike Mitchell 1978-1990
45%
234 Rudy Gobert 2013-Present
45%
279 Bill Laimbeer 1980-1993
44%
342 Horace Grant 1987-2004
44%
286 Brook Lopez 2008-Present
43%
321 Khris Middleton 2012-Present
43%
232 Andre Iguodala 2004-Present
42%
122 Chris Mullin 1985-2001
42%
201 Jrue Holiday 2009-Present
42%
114 LaMarcus Aldridge 2006-Present
42%
283 Al Horford 2007-Present
41%
348 Arvydas Sabonis 1995-2003
41%
163 DeMarcus Cousins 2010-Present
41%
490 Domantas Sabonis 2016-Present
41%
226 Ben Simmons 2016-Present
40%
48 Dave Cowens 1970-1983
40%
22 Dolph Schayes 1948-1964
40%
275 Joakim Noah 2007-2020
40%
109 Bernard King 1977-1993
39%
263 Connie Simmons 1946-1956
39%
462 Jim King 1963-1973
39%
264 Mark Price 1986-1998
39%
306 Metta Sandiford-Artest 1999-2017
39%
300 Mike Conley 2007-Present
39%
309 Peja Stojaković 1998-2011
39%
491 Jim Price 1972-1979
38%
392 Kevin Porter 1972-1983
38%
231 Terry Porter 1985-2002
38%
59 Adrian Dantley 1976-1991
37%
399 Michael Redd 2000-2012
37%
429 Zach LaVine 2014-Present
37%
54 Artis Gilmore 1971-1988
36%
333 Richard Hamilton 1999-2013
36%
149 Shawn Marion 1999-2015
36%
97 Tiny Archibald 1970-1984
36%
171 Zach Randolph 2001-2019
36%
152 Earl Monroe 1967-1980
35%
423 Gilbert Arenas 2001-2012
35%
499 Kyle Korver 2003-2020
35%
36 Paul Arizin 1950-1962
35%
47 Billy Cunningham 1965-1976
34%
57 Nate Thurmond 1963-1977
34%
211 Alvan Adams 1975-1988
33%
394 Dale Ellis 1983-2000
33%
243 Glen Rice 1989-2004
33%
298 Michael Adams 1985-1996
33%
190 Monta Ellis 2005-2017
33%
380 Toni Kukoč 1993-2006
33%
217 Al Jefferson 2004-2018
32%
405 Devin Harris 2004-2019
32%
236 Paul Millsap 2006-Present
32%
136 Sidney Moncrief 1979-1991
32%
381 Tyson Chandler 2001-2020
32%
199 Vlade Divac 1989-2005
32%
186 Andre Drummond 2012-Present
31%
32 Bob Lanier 1970-1984
31%
77 Hal Greer 1958-1973
31%
308 Kenny Anderson 1991-2005
31%
407 Ron Harper 1986-2001
31%
161 Michael Ray Richardson 1978-1986
30%
135 Mitch Richmond 1988-2002
30%
222 Bob Boozer 1960-1971
29%
210 Carlos Boozer 2002-2015
29%
116 Dave DeBusschere 1962-1974
29%
113 Gail Goodrich 1965-1979
29%
42 Jerry Lucas 1963-1974
29%
389 Kenyon Martin 2000-2015
29%
271 Lamar Odom 1999-2013
29%
284 Mark Eaton 1982-1994
29%
254 Maurice Cheeks 1978-1993
29%
179 Nikola Vučević 2011-Present
29%
327 Rashard Lewis 1998-2014
29%
454 Reggie Lewis 1987-1993
29%
200 Slater Martin 1949-1960
29%
85 Dave Bing 1966-1978
28%
137 Elton Brand 1999-2016
28%
376 John Lucas 1976-1990
28%
238 Maurice Lucas 1974-1988
28%
168 Sam Cassell 1993-2008
28%
371 Bill Bradley 1967-1977
27%
127 Charlie Scott 1970-1980
27%
412 Clyde Lee 1966-1976
27%
164 David Lee 2005-2017
27%
330 Gordon Hayward 2010-Present
27%
287 Julius Randle 2014-Present
27%
225 Latrell Sprewell 1992-2005
27%
146 Ray Scott 1961-1972
27%
101 Stephon Marbury 1996-2009
27%
368 Zydrunas Ilgauskas 1996-2011
27%
455 Bam Adebayo 2017-Present
26%
353 Chuck Cooper 1950-1956
26%
219 Detlef Schrempf 1985-2001
26%
290 Jeff Teague 2009-2021
26%
418 Keith Van Horn 1997-2006
26%
111 Mark Aguirre 1981-1994
26%
354 Michael Cooper 1978-1990
26%
436 Ralph Sampson 1983-1992
26%
396 Rik Smits 1988-2000
26%
208 Tom Chambers 1981-1995
26%
130 World B. Free 1975-1988
26%
196 Antawn Jamison 1998-2014
25%
324 Charles Oakley 1985-2004
25%
456 John Starks 1988-2002
25%
159 Larry Nance 1981-1994
25%
340 Luol Deng 2004-2019
25%
195 Brad Daugherty 1986-1996
24%
106 Jack Sikma 1977-1991
24%
252 Kevin Willis 1984-2007
24%
187 Steve Francis 1999-2008
24%
467 Dražen Petrović 1989-1993
23%
153 Fat Lever 1982-1994
23%
320 Jeff Hornacek 1986-2000
23%
329 Marcus Camby 1996-2013
23%
301 Rudy Gay 2006-Present
23%
464 Victor Oladipo 2013-Present
23%
385 Andrei Kirilenko 2001-2014
22%
411 Bill Cartwright 1979-1995
22%
98 Bill Sharman 1950-1961
22%
281 Goran Dragić 2008-Present
22%
206 Jerry Stackhouse 1995-2013
22%
334 Rolando Blackman 1981-1994
22%
322 Allan Houston 1993-2005
21%
79 Dan Issel 1970-1985
21%
400 Danny Ainge 1981-1995
21%
193 Michael Finley 1995-2010
21%
257 Nick Van Exel 1993-2006
21%
143 Shareef Abdur-Rahim 1996-2008
21%
104 Tom Heinsohn 1956-1965
21%
46 Walt Bellamy 1961-1974
21%
184 Calvin Murphy 1970-1983
20%
311 Danny Granger 2005-2015
20%
398 Doc Rivers 1983-1996
20%
410 Jim Paxson 1979-1990
20%
73 Spencer Haywood 1969-1983
20%
20 Neil Johnston 1951-1959
19%
259 Otis Thorpe 1984-2001
19%
174 Bill Bridges 1963-1975
18%
138 Connie Hawkins 1967-1976
18%
191 Derrick Coleman 1990-2005
18%
393 Hersey Hawkins 1988-2001
18%
147 Jack Coleman 1949-1958
18%
233 Jamaal Wilkes 1974-1985
18%
318 Jamal Mashburn 1993-2005
18%
162 Lou Hudson 1966-1979
18%
458 Roy Hibbert 2008-2017
18%
123 Terry Cummings 1982-2000
18%
292 Christian Laettner 1992-2005
17%
74 Joe Fulks 1946-1954
17%
245 Kiki VanDeWeghe 1980-1993
17%
319 Anthony Mason 1989-2003
16%
258 Archie Clark 1966-1976
16%
167 Bob Dandridge 1969-1981
16%
419 Dan Majerle 1988-2002
16%
160 Norm Nixon 1977-1989
16%
132 Paul Westphal 1972-1984
16%
230 Rudy Tomjanovich 1970-1981
16%
426 Sean Elliott 1989-2001
16%
483 Tyreke Evans 2009-2019
16%
325 Danny Manning 1988-2003
15%
56 George McGinnis 1971-1982
15%
156 Rod Strickland 1988-2005
15%
255 Vin Baker 1993-2006
15%
469 Wally Szczerbiak 1999-2009
15%
291 Antonio McDyess 1995-2011
14%
66 Cliff Hagan 1956-1969
14%
345 Eric Bledsoe 2010-Present
14%
76 George Yardley 1953-1960
14%
99 Guy Rodgers 1958-1970
14%
414 James Silas 1972-1982
14%
274 Jerry Sloan 1965-1976
14%
88 Mel Daniels 1967-1976
14%
247 Mookie Blaylock 1989-2002
14%
276 Paul Silas 1964-1980
14%
151 Reggie Theus 1978-1991
14%
69 Richie Guerin 1956-1970
14%
80 Bailey Howell 1959-1971
13%
369 Billy Knight 1974-1985
13%
86 Jack Twyman 1955-1966
13%
207 Joe Barry Carroll 1980-1991
13%
81 Vern Mikkelsen 1949-1959
13%
297 Xavier McDaniel 1985-1998
13%
44 Ed Macauley 1949-1959
12%
422 Kendall Gill 1990-2005
12%
478 Kermit Washington 1973-1987
12%
489 Chris Kaman 2003-2016
11%
269 Dick Van Arsdale 1965-1977
11%
215 Jeff Mullins 1964-1976
11%
84 Larry Foust 1950-1962
11%
408 Mehmet Okur 2002-2012
11%
350 Otis Birdsong 1977-1989
11%
280 Sleepy Floyd 1982-1995
11%
375 Terrell Brandon 1991-2002
11%
239 Tom Gugliotta 1992-2005
11%
317 Tom Van Arsdale 1965-1977
11%
386 Bob Harrison 1949-1958
10%
60 Clyde Lovellette 1953-1964
10%
262 Dick Barnett 1959-1973
10%
295 Joe Caldwell 1964-1975
10%
213 John Drew 1974-1984
10%
409 Kelly Tripucka 1981-1991
10%
482 Larry Drew 1980-1991
10%
249 Norm Van Lier 1969-1979
10%
337 Purvis Short 1978-1990
10%
441 Ty Lawson 2009-2018
10%
480 Andrew Toney 1980-1988
9%
91 Andy Phillip 1947-1958
9%
102 Bob Davies 1945-1955
9%
107 Carl Braun 1947-1962
9%
484 Kevin Duckworth 1986-1997
9%
417 Larry Hughes 1998-2012
9%
115 Zelmo Beaty 1962-1975
9%
220 Don Ohl 1960-1970
8%
227 Frank Ramsey 1954-1964
8%
166 Gene Shue 1954-1964
8%
352 Geoff Petrie 1970-1976
8%
68 Harry Gallatin 1948-1958
8%
488 James Donaldson 1980-1995
8%
90 Jim Pollard 1947-1955
8%
165 Larry Kenon 1973-1983
8%
296 Phil Chenier 1971-1981
8%
183 Rudy LaRusso 1959-1969
8%
129 Sidney Wicks 1971-1981
8%
110 Tom Gola 1955-1966
8%
344 Brian Winters 1974-1983
7%
194 Dan Roundfield 1975-1987
7%
169 Dick McGuire 1949-1960
7%
416 Eddie Miles 1963-1972
7%
323 Jack Marin 1966-1977
7%
404 Lionel Hollins 1975-1985
7%
221 Louie Dampier 1967-1979
7%
158 Wayne Embry 1958-1969
7%
125 Willie Naulls 1956-1966
7%
144 Bobby Wanzer 1948-1957
6%
313 Calvin Natt 1979-1990
6%
316 Don Buse 1972-1985
6%
379 Maurice Stokes 1955-1958
6%
131 Max Zaslofsky 1946-1956
6%
430 Ralph Simpson 1970-1979
6%
248 Sam Lacey 1970-1983
6%
367 Scott Wedman 1974-1986
6%
395 Terry Dischinger 1962-1973
6%
58 Arnie Risen 1945-1958
5%
492 Dino Rađa 1993-1997
5%
413 Jon McGlocklin 1965-1976
5%
198 Larry Costello 1954-1968
5%
474 Sherman Douglas 1989-2001
5%
256 Tom Meschery 1961-1971
5%
289 Walt Hazzard 1964-1974
5%
460 Bob Rule 1967-1974
4%
365 Don Kojis 1963-1975
4%
374 Donnie Freeman 1967-1976
4%
139 Mel Hutchins 1951-1958
4%
465 Slick Watts 1973-1979
4%
486 Steve Mix 1969-1983
4%
494 Alex Groza 1949-1951
3%
452 Butch Beard 1969-1979
3%
425 Clem Haskins 1967-1976
3%
363 Darrall Imhoff 1960-1972
3%
173 Frankie Brian 1950-1956
3%
370 Hot Rod Hundley 1957-1963
3%
124 Joe Graboski 1948-1962
3%
180 Kenny Sears 1955-1964
3%
434 Lonnie Shelton 1976-1986
3%
181 Nathaniel Clifton 1950-1958
3%
209 Ray Felix 1953-1962
3%
444 Ricky Sobers 1975-1986
3%
270 Ron Boone 1968-1981
3%
493 Šarūnas Marčiulionis 1989-1997
3%
223 Walter Dukes 1955-1963
3%
175 Al Cervi 1945-1953
2%
356 Bobby McDermott N/A
2%
421 Bob Kauffman 1968-1975
2%
355 Chuck Noble 1955-1962
2%
310 Chuck Share 1951-1960
2%
440 Curtis Rowe 1971-1979
2%
272 Dick Garmaker 1955-1961
2%
473 Dike Eddleman 1949-1953
2%
303 Frank Selvy 1954-1964
2%
361 Fred Schaus 1949-1954
2%
170 Fred Scolari 1946-1955
2%
307 Jack Nichols 1948-1958
2%
451 John Block 1966-1976
2%
459 John Logan 1946-1951
2%
240 Paul Seymour 1947-1960
2%
212 Red Rocha 1947-1957
2%
487 Rich Kelley 1975-1986
2%
435 Willie Wise 1969-1977
2%
497 Andrew Gaze 1994-1999
1%
391 Billy Gabor 1948-1955
1%
339 Bob Brannum 1948-1955
1%
403 Bob Carpenter 1949-1959
1%
466 Bob Feerick 1946-1950
1%
439 Bob Houbregs 1953-1958
1%
461 Bones McKinney 1946-1952
1%
447 Buddy Jeannette 1946-1950
1%
495 Chick Halbert 1946-1951
1%
431 Chick Reiser 1947-1950
1%
471 Dick Mehen 1950-1952
1%
449 Don Barksdale 1951-1955
1%
288 Don Otten 1950-1953
1%
347 Ed Conlin 1955-1962
1%
366 Ed Sadowski 1947-1950
1%
496 Ernie Calverley 1946-1949
1%
424 Howie Schultz 1950-1953
1%
438 Kenny Sailors 1946-1951
1%
463 Kleggie Hermsen 1946-1952
1%
427 Len Chappell 1962-1972
1%
437 Leo Barnhorst 1949-1954
1%
388 Mack Calvin 1969-1981
1%
481 Mike Todorovich 1949-1951
1%
479 Noble Jorgensen 1947-1953
1%
442 Paul Hoffman 1947-1955
1%
401 Paul Walther 1949-1955
1%
359 Red Holzman 1945-1954
1%
382 Stan Miasek 1946-1953
1%
468 Vince Boryla 1949-1954
1%
305 Woody Sauldsberry 1957-1966
1%
457 Belus Smawley 1946-1952
0%
446 Gene Englund 1949-1950
0%
362 George Ratkovicz 1947-1955
0%
No matching quizzes found
Score Distribution
Percent of People with Each Score
Percentile by Number Answered
Your Score History
You have not taken this quiz